Entry Nombre personal
001 - NÚMERO DE CONTROL
- campo de control: 93639
003 - IDENTIFICADOR DE NÚMERO DE CONTROL
- campo de control: SpMaBN
005 - FECHA Y HORA DE LA ÚLTIMA TRANSACCIÓN
- campo de control: 20250817182504.0
008 - ELEMENTOS DE DATO DE LONGITUD-FIJA
- campo de control de longitud fija: 901120nn aijnnaabn n aaa
016 ## - NÚMERO DE CONTROL DE UNA AGENCIA BIBLIOGRÁFICA NACIONAL
- Número de control del registro: BNE19900317270
024 7# - IDENTIFICADOR DE OTROS ESTÁNDARES
- Número estándar o código: http://viaf.org/viaf/8695697/
- Fuente: viaf
024 7# - IDENTIFICADOR DE OTROS ESTÁNDARES
- Número estándar o código: https://isni.org/isni/0000000059521012
- Fuente: isni
024 7# - IDENTIFICADOR DE OTROS ESTÁNDARES
- Número estándar o código: http://www.wikidata.org/entity/Q99482033
- Fuente: wikidata
040 ## - FUENTE DE CATALOGACIÓN
- Centro catalogador/agencia de origen: SpMaBN
- Lengua de catalogación: spa
- Centro/agencia transcriptor: SpMaBN
- Normas de descripción: rdc
- Convención/Normas de encabezamiento de materia/tesauro: embne
100 1# - ENCABEZAMIENTO-NOMBRE DE PERSONA
- Nombre de persona: Prados de la Plaza, Francisco,
- Fechas asociadas al nombre: 1935-2013
370 ## - LUGAR ASOCIADO
- Lugar de nacimiento: España, Andalucía, Málaga (Provincia), Málaga
- Fuente del término: embne
372 ## - CAMPO DE ACTIVIDAD
- Campo de actividad: Pintura
- Fuente del término: embne
373 ## - GRUPO ASOCIADO
- Grupo asociado: Asociación Española de Pintores y Escultores
- Grupo asociado: Real Academia de Bellas Artes de San Fernando
- Fuente del término: abne
374 ## - OCUPACIÓN
- Ocupación: Periodistas
- Ocupación: Gestores culturales
- Fuente del término: embne
375 ## - GÉNERO/SEXO
- Género: Masculino
377 ## - IDIOMA ASOCIADO
- Término de lengua/lenguaje: Español
670 ## - FUENTE DE DATOS ENCONTRADOS
- Cita de la fuente: José Francisco Sureda y Blanes, un pintor para la historia, 1998
- Información encontrada: port. (Francisco Prados de la Plaza)
670 ## - FUENTE DE DATOS ENCONTRADOS
- Cita de la fuente: WWW AEPE, 26-3-2019
- Información encontrada: (Francisco Prados de la Plaza; nació en Málaga en 1935 ; periodista, llegó a ser miembro numerario de la Real Academia de Bellas Artes de San Fernando y de la de San Luis, Presidente de la Asociación Española de Pintores y Escultores entre 1978 y 1981)
- Identificador Uniforme de Recursos: http://www.apintoresyescultores.es/donacion-a-la-aepe-de-un-re trato-de-prados-de-la-plaza-obra-de-manuel-ortega/
670 ## - FUENTE DE DATOS ENCONTRADOS
- Cita de la fuente: WWW Villaviciosa Digital, consultado el 26-3-2019
- Información encontrada: 26-9-2013 (Francisco Prados de la Plaza; fallecido en 2013, concejal de Cultura desde 1995 al año 2000)
